Kỹ thuật biên tập và dựng phim video với Windows Movie Maker
Quyển sách này sẽ trình bày cách sử dụng Windows Movie Maker của hệ điều hành Windows để biên tập và dựng phim có chất lượng cao. Với Windows Movie Maker không đòi hỏi bạn đọc phải biết nhiều về máy tính nhưng vẫn tạo được những bộ phim có t...
Guardado en:
| Autor principal: | |
|---|---|
| Formato: | Libro |
| Lenguaje: | Undetermined |
| Publicado: |
Hà Nội
Lao đông - Xã hội
2008
|
| Materias: | |
| Etiquetas: |
Agregar Etiqueta
Sin Etiquetas, Sea el primero en etiquetar este registro!
|
| Thư viện lưu trữ: | Trung tâm Học liệu Trường Đại học Cần Thơ |
|---|
| LEADER | 01144nam a2200205Ia 4500 | ||
|---|---|---|---|
| 001 | CTU_213828 | ||
| 008 | 210402s9999 xx 000 0 und d | ||
| 082 | |a 778.5930285 | ||
| 082 | |b T250 | ||
| 100 | |a Nguyễn, Đình Tê | ||
| 245 | 0 | |a Kỹ thuật biên tập và dựng phim video với Windows Movie Maker | |
| 245 | 0 | |c Nguyễn Đình Tê chủ biên, Hoàng Đức Hải | |
| 260 | |a Hà Nội | ||
| 260 | |b Lao đông - Xã hội | ||
| 260 | |c 2008 | ||
| 520 | |a Quyển sách này sẽ trình bày cách sử dụng Windows Movie Maker của hệ điều hành Windows để biên tập và dựng phim có chất lượng cao. Với Windows Movie Maker không đòi hỏi bạn đọc phải biết nhiều về máy tính nhưng vẫn tạo được những bộ phim có tính chuyên nghiệp. | ||
| 650 | |a Motion pictures,Microsoft Windows Movie Maker,Phim điện ảnh | ||
| 650 | |x Editing,Data processing.,Biên tập,Xử lý dữ liệu | ||
| 904 | |i Tuyến | ||
| 980 | |a Trung tâm Học liệu Trường Đại học Cần Thơ | ||